| 000 | 01182cab a2200265 4500 | ||
|---|---|---|---|
| 001 | WB3017-05 | ||
| 008 | 090401t1994 xxu||||| |||| 00| 0 eng d | ||
| 035 | _a(Sirsi) u41722 | ||
| 041 | _aeng | ||
| 245 | _aRecovering bank charges | ||
| 260 | _c1994 | ||
| 350 | _a0 | ||
| 490 |
_aTimes _v4 May 1994, 39(1) |
||
| 520 | _aIn "Ogilvie Builders Ltd v Glasgow CDC", Court of Session 4 March 1994, it was held that where a JCT building contract entitled a party to reparation for `direct loss and/or expense`, he was entitled to recover bank charges and loss of interest consequent upon his need to cover other such items of loss and expense, for a loss arising naturally according to the usual course of things within the meaning of the rule in "Hadley v Baxendale" was the same as `direct loss`. | ||
| 650 | _aBANK CHARGES | ||
| 650 | _aBUILT ENVIRONMENT-BUILDING CONTRACT FORMS | ||
| 650 | _aCONTRACT CLAIMS | ||
| 650 | _aDIRECT LOSS AND EXPENSE | ||
| 650 | _aHADLEY V BAXENDALE | ||
| 650 | _aJCT STANDARD FORM OF BUILDING CONTRACT (1980 EDITION) | ||
| 650 | _aLOSS OF INTEREST | ||
| 690 | _aBUILDING AND CONSTRUCTION-CASE LAW | ||
| 942 | _n0 | ||
| 948 | _c04/03/1997 | ||
| 999 |
_c26781 _d26781 |
||